God and man in the Qurʹan : semantics of the Qurʹanic weltanschauung (Record no. 534408)

000 -LEADER
fixed length control field 00715nam a22001937a 4500
003 - CONTROL NUMBER IDENTIFIER
control field NUST-
005 - DATE AND TIME OF LATEST TRANSACTION
control field 20200219123222.0
008 - FIXED-LENGTH DATA ELEMENTS--GENERAL INFORMATION
fixed length control field 150128b xxu||||| |||| 00| 0 eng d
020 ## - INTERNATIONAL STANDARD BOOK NUMBER
International Standard Book Number 9839154389
038 ## - RECORD CONTENT LICENSOR
Staff Name MSOHAIL
082 ## - DEWEY DECIMAL CLASSIFICATION NUMBER
Classification number 297.2
100 ## - MAIN ENTRY--PERSONAL NAME
Personal name Izutsu, Toshihiko
9 (RLIN) 28546
245 ## - TITLE STATEMENT
Title God and man in the Qurʹan : semantics of the Qurʹanic weltanschauung
Statement of responsibility, etc. Izutsu, Toshihiko
260 ## - PUBLICATION, DISTRIBUTION, ETC.
Place of publication, distribution, etc. Kuala Lumpur :
Name of publisher, distributor, etc. Islamic Book Trust,
Date of publication, distribution, etc. c2002.
300 ## - PHYSICAL DESCRIPTION
Extent vix, 292 p. :
Other physical details ill. ;
Dimensions 23 cm.
650 ## - SUBJECT ADDED ENTRY--TOPICAL TERM
General subdivision General
-- Islam
9 (RLIN) 28547
856 ## - ELECTRONIC LOCATION AND ACCESS
Uniform Resource Identifier <a href="http://www.amazon.com/God-Man-Quran-Toshihiko-Izutsu/dp/9839154389/ref=sr_1_1?s=books&ie=UTF8&qid=1422436543&sr=1-1&keywords=GOD+and+MAN+in+the+QURAN">http://www.amazon.com/God-Man-Quran-Toshihiko-Izutsu/dp/9839154389/ref=sr_1_1?s=books&ie=UTF8&qid=1422436543&sr=1-1&keywords=GOD+and+MAN+in+the+QURAN</a>
942 ## - ADDED ENTRY ELEMENTS (KOHA)
Source of classification or shelving scheme
Koha item type Book
Holdings
Withdrawn status Lost status Source of classification or shelving scheme Damaged status Not for loan Permanent Location Current Location Date acquired Total Checkouts Full call number Barcode Date last seen Price effective from Koha item type
          School of Civil and Environmental Engineering (SCEE) School of Civil and Environmental Engineering (SCEE) 02/19/2020   297.2 NIT-9851 02/19/2020 02/19/2020 Book
© 2023 Central Library, National University of Sciences and Technology. All Rights Reserved.